000 00364nam a22001577a 4500
005 20160629124239.0
008 160629b xxu||||| |||| 00| 0 eng d
041 _aeng
082 _b11028
100 _aChakarwarty, S.N.
_93178
245 _aMeghdud D Sanda many
260 _bSanskrit Rewtak Bharti
300 _a380
650 _aManagement
_9241
942 _cBK
999 _c4663
_d4661